The robber kitten /

Bibliographic Details
Main Author: Ballantyne, R. M. (Robert Michael), 1825-1894
Format: Microform Book
Language:English
Published: London ; New York : T. Nelson and Sons, 1874.
Series:Opie collection of children's literature ; 030:244.
Subjects:

MARC

Tag First Indicator Second Indicator Subfields
LEADER 00000cam a2200000Ia 4500
001 in00002551621
005 20151201154409.0
007 he amv---bacp
007 hz bhv---babp
008 030117s1874 enkag b 000 1 eng d
035 |a (OCoLC)ocm51463093 
037 |a CL0021000030  |b ProQuest Information and Learning, 300 N. Zeeb Rd., Ann Arbor, MI 48106-1346 
040 |a OPP  |c OPP  |d UtOrBLW 
049 |a OPPA 
090 |a PZ5  |b .O67 1990 no.030:244. 
100 1 |a Ballantyne, R. M.  |q (Robert Michael),  |d 1825-1894. 
245 1 4 |a The robber kitten /  |c by R.M. Ballantyne. 
264 1 |a London ;  |a New York :  |b T. Nelson and Sons,  |c 1874. 
300 |a 69 pages :  |b illustrations, music. 
336 |a text  |b txt  |2 rdacontent 
337 |a microform  |b h  |2 rdamedia 
338 |a microfiche  |b he  |2 rdacarrier 
500 |a Reproduction of original in the Bodleian Library. 
510 4 |a Opie  |c AA 644 
533 |a Microfiche.  |b Ann Arbor, Mich. :  |c UMI,  |d 1999.  |e 1 microfiche ; 11 x 15 cm.  |f (Opie collection of children's literature ; 030:244).  |7 s1999 miun b 
500 |a Microform. 
650 0 |a Kittens  |v Juvenile literature. 
830 0 |a Opie collection of children's literature ;  |v 030:244. 
994 |a 02  |b OPP 
999 |a MARS 
999 f f |s c3710f09-2249-3b79-a6f2-8590e24544ad  |i 79c83e82-9bef-3a2d-baa4-ac65629d3158  |t 0 
952 f f |a Texas A&M University  |b College Station  |c Sterling C. Evans Library  |d Evans: Microforms Fiche (3rd floor)  |t 0  |e PZ5 .O67 1990 no.030:244.  |h Library of Congress classification 
998 f f |a PZ5 .O67 1990 no.030:244.  |t 0  |l Evans: Microforms Fiche (3rd floor)